000 00812nam0a2200253 4500
001 RU\NLR\bibl\1344061
005 20260405175514.0
035 _a(NLR Aleph) 001329204
090 _a789503
_c789503
100 _a20090320d2008 |||y0rusy50 ca
101 0 _arus
102 _aRU
105 _ay |||||||||
200 1 _aКруговорот миров
_eстихотворения
_fЛюдмила Александрова
210 _aСанкт-Петербург
_cЗнакЪ
_d2008
215 _a76, [3] с.
_d20
686 _aШ6(2=Р)75-5
700 1 _4070
_7ca
_8rus
_aАлександрова
_bЛ. В.
_cпоэт
_gЛюдмила В.
_959496
_3RU\NLR\auth\7776568
801 0 _aRU
_bNLR
_c20090320
_gRCR
801 1 _aRU
_bNLR
_c20090320
942 _cBOOK
980 _aNB